Full count : (Record no. 7617)

MARC details
000 -LEADER
fixed length control field 00989nam a22003017a 4500
001 - CONTROL NUMBER
control field 7617
003 - CONTROL NUMBER IDENTIFIER
control field FISKH
005 - DATE AND TIME OF LATEST TRANSACTION
control field 20250728102802.0
008 - FIXED-LENGTH DATA ELEMENTS--GENERAL INFORMATION
fixed length control field 250728b cb ||||| |||| 00| 0 eng d
020 ## - INTERNATIONAL STANDARD BOOK NUMBER
International Standard Book Number 9780545512152
040 ## - CATALOGING SOURCE
Original cataloging agency FISKH
Language of cataloging eng
Transcribing agency FISKH
Modifying agency FISKH
050 ## - LIBRARY OF CONGRESS CALL NUMBER
Classification number GV867.5 .H456
082 ## - DEWEY DECIMAL CLASSIFICATION NUMBER
Classification number 796.357
100 ## - MAIN ENTRY--PERSONAL NAME
Personal name Herzog, Brad
245 ## - TITLE STATEMENT
Title Full count :
Remainder of title A baseball number book /
Statement of responsibility, etc. Written by Brad Herzog and Illustrated by Buuce Langto
260 ## - PUBLICATION, DISTRIBUTION, ETC.
Place of publication, distribution, etc. New York :
Name of publisher, distributor, etc. Scholastic ,
Date of publication, distribution, etc. 2009.
300 ## - PHYSICAL DESCRIPTION
Extent 40 unnumbered pages :
Other physical details color illustrations ;
Dimensions 23 x 25 cm .
505 ## - FORMATTED CONTENTS NOTE
Formatted contents note K <br/>
520 ## - SUMMARY, ETC.
Summary, etc. Presents short rhymes about numbers from one through 100 related to the sport of baseball.
521 8# - TARGET AUDIENCE NOTE
Target audience note 510 <br/>
Source Lexile estimate <br/>
521 8# - TARGET AUDIENCE NOTE
Target audience note K <br/>
Source Raz-Plus <br/>
650 ## - SUBJECT ADDED ENTRY--TOPICAL TERM
Topical term or geographic name entry element Baseball
Form subdivision Non-fiction
650 ## - SUBJECT ADDED ENTRY--TOPICAL TERM
Topical term or geographic name entry element counting
Form subdivision Non-fiction
650 ## - SUBJECT ADDED ENTRY--TOPICAL TERM
Topical term or geographic name entry element Informational
Form subdivision Non-fiction
700 ## - ADDED ENTRY--PERSONAL NAME
Personal name Langton, Bruce
Relator term Illustator
942 ## - ADDED ENTRY ELEMENTS (KOHA)
Source of classification or shelving scheme Dewey Decimal Classification
Koha item type Books
Suppress in OPAC No
Holdings
Withdrawn status Lost status Source of classification or shelving scheme Damaged status Not for loan Collection Home library Current library Shelving location Date acquired Total Checkouts Full call number Barcode Date last seen Copy number Price effective from Koha item type
    Dewey Decimal Classification     Non-Fiction Footprints International School Library Network Toul Tom Poung Campus Footprints International School Library Network Toul Tom Poung Campus TTP Primary Yellow Bookshelves 07/28/2025   HER 796.357 GV867.5 .H456 FISSE01186 07/28/2025 1 07/28/2025 Books
    Dewey Decimal Classification     Non-Fiction Footprints International School Library Network Toul Tom Poung Campus Footprints International School Library Network Toul Tom Poung Campus TTP Primary Yellow Bookshelves 08/06/2025   HER 796.357 GV867.5 .H456 FISTK04900 08/06/2025 2 08/06/2025 Books